000 00536nam a2200217Ia 4500
003 OSt
005 20220928141119.0
006 a|||||r|||| 00| 0
007 ta
008 220927b |||||||| |||| 00| 0 eng d
024 _a13780
037 _cTextual
040 _aSDCL
_cSDCL
_beng
041 _2eng
_aeng
082 _aO-,6L09:g, H9
100 _aHilles Frederick W
_9499177
245 0 _aAge of Johnson.
260 _c1949
942 _hO-,6L09:g, H9
_cTEXL
_2CC
999 _c816189
_d816189